23 - Renee Rapp (All Lyrics) - Statistics

General Stats
  • This quiz has been taken 36 times
  • The average score is 266 of 321
Answer Stats
Lyrics % Correct
I
100%
me
95%
But
90%
but
90%
can
90%
do
90%
my
90%
My
90%
the
90%
The
90%
you
90%
You
90%
(You
90%
And
85%
and
85%
are
85%
be
85%
blow
85%
candles
85%
care
85%
careless?
85%
down
85%
every
85%
everyone
85%
feel
85%
good
85%
is
85%
it
85%
It's
85%
Jordan
85%
just
85%
less
85%
less,
85%
like
85%
Like,
85%
live
85%
look
85%
old
85%
on
85%
out
85%
should
85%
So,
85%
so
85%
So
85%
(So
85%
that
85%
to
85%
To
85%
twenty-three
85%
wish
85%
year
85%
young
85%
alone?"
80%
birthday,
80%
birthday
80%
by
80%
cared
80%
'Cause
80%
different
80%
doin'
80%
don't
80%
Everything
80%
ex
80%
feels
80%
fly
80%
"Happy
80%
Happy
80%
happy
80%
hates
80%
have
80%
her
80%
hits
80%
hope
80%
how
80%
I'd
80%
I'll
80%
I'm
80%
looks
80%
more
80%
No,
80%
No
80%
now
80%
paper
80%
phone
80%
ruin
80%
save
80%
see
80%
shelf
80%
she's
80%
still
80%
they
80%
thinks
80%
thought
80%
Thought
80%
tomorrow
80%
Tomorrow
80%
tried
80%
turn
80%
twenty-four
80%
twenty-two
80%
twenty-two)
80%
understand
80%
weird
80%
would
80%
afraid
75%
ahead,
75%
At
75%
calm
75%
can't
75%
(Cry,
75%
cry,
75%
cry)
75%
cryin'
75%
days
75%
designer,
75%
Displayed
75%
fight
75%
five
75%
flight
75%
floor
75%
for
75%
haven't
75%
hundred
75%
later,
75%
learned
75%
nobody
75%
not
75%
or
75%
pretend
75%
sixty-five
75%
they're
75%
this
75%
Three
75%
well
75%
we're
75%
with
75%
bags
70%
bed
70%
cool
70%
cool)
70%
eyes
70%
overpriced
70%
paid
70%
shit
60%
off
55%
No matching quizzes found
Score Distribution
Percent of People with Each Score
Percentile by Number Answered
Your Score History
You have not taken this quiz